Responses for Show #6666 - Monday, September 16, 2013

Jared Hall game 3.
First game of Season 30.
New set and opening graphics.

Contestants

[<< previous game]

James Mardock, an English professor from Reno, Nevada

Angela Murock Hussein, an archaeologist from Pittsburgh, Pennsylvania

Jared Hall, a graduate student in global policy studies from Austin, Texas (whose 2-day cash winnings total $59,600)

[next game >>]

Jeopardy! Round responses

PLACES IN THE NEWS
"GRAND" SLAM
CARE TO DANCE?
REAL LITERARY PARODIES
IF YOU BUILD IT
THEY WILL SING COME
(Alex: You have to identify the "they".)
    $200 1
New Mexico

Jared
    $200 8
grandeur

Jared
    $200 21
the limbo

Jared
    $200 30
(Alex: Yep, I like the parody.)

Gone with the Wind

Jared
    $200 15
a skyscraper

Angela
    $200 16
The Beatles

Jared
    $400 2
Cleveland

James
    $400 9
Grand Old Party

Angela
    $400 22
a polka

Jared
    $400 14
(James: What is The Hobbit?)

J.R.R. Tolkien

JaredJames
    $400 26
a dormitory

Jared
    $400 17
Nirvana

Jared
    $600 4
Snowden

Jared
    $600 10
grand prix

Angela
    $600 23
the fandango

James
    $600 3
Mars

Jared
    $600 27
a teepee

James
    $600 18
Dexys Midnight Runners

Angela
    $800 5
Pakistan

James
    $800 11
Grand Marnier

James
    $800 24
the tango

Angela
    $800 6
The Hunger Pains

Jared
    $2,000 28
an amphitheater

James
    $800 19
The Kinks

Angela
    $1000 7
Watertown

Angela
    $1000 12
the grand tour

James
    $1000 25
(Alex: We learn something every day on Jeopardy!; It's [*].)

the shag

Triple Stumper
    $1000 13
Goodnight iPad

Jared
    $1000 29
Russia

Jared
    $1000 20
Jay-Z

Triple Stumper

Scores at the first commercial break (after clue 15):

Jared Angela James
$3,800 $2,200 $2,600

Scores at the end of the Jeopardy! Round:

Jared Angela James
$6,600 $4,400 $5,800

Double Jeopardy! Round responses

INTELLIGENCE
ABBREVIATIONS
(Alex: You're gonna love the twist on this...)
MY "SON", THE PRESIDENT
LANGUAGES OF THE WORLD
BIBLICAL ROLES
(Alex: Name the role for us.)
(Alex: A trip to paradise for art lovers...)
MASTERPIECES FROM THE NORTON SIMON MUSEUM
    $400 16
intelligence quotient

Jared
    $400 21
the United States Coast Guard

Angela
    $400 11
(James: Who is... Madison?)

(Thomas) Jefferson

AngelaJames
    $400 1
Africa

Jared
    $400 6
(Jared: Who is, uh, Spartacus?)

Moses

JaredJames
    $400 26
Rembrandt

Angela
    $800 17
common sense

Jared
    $800 22
in vitro fertilization

Angela
    $800 12
Benjamin Harrison

James
    $800 2
Indonesia

Jared
    $800 7
the Virgin Mary

Angela
    $800 27
Modigliani

Jared
    $1200 18
Phi Beta Kappa

Angela
    $1200 23
single lens reflex

Jared
    $1200 13
(Jared: Who is Jackson?)
(James: Who is Woodrow Wilson?)
...
(Alex: Now's the time for [*].)
[Laughter]

James Madison

JaredJames
Triple Stumper
    $1200 3
Celtic

Angela
    $1200 8
Jesus

Jared
    $1200 28
(Edgar) Degas

Angela
    $1600 19
(Jared: What is Mental Floss?)

Games

JaredJames
    $1600 24
the Organization of American States

Jared
    $1600 14
(Andrew) Jackson

Jared
    $1600 4
Aramaic

Jared
    $1600 9
King David

Angela
    $1600 29
(Henry) Moore

James
    $2000 20
Brainiac

James
    $2000 25
the Victoria Cross

James
    $5,000 15
(Alex: Yes. Teddy Roosevelt and Taft were the opponents.)

Woodrow Wilson

Jared
    $2000 5
Sicilian

Angela
    $2000 10
(Alex: Oh, that was mighty [*].)

Samson

Triple Stumper
    $6,200 30
(James: What is Chartres?)

Giverny

James

Scores at the end of the Double Jeopardy! Round:

Jared Angela James
$18,800 $14,400 $6,400

[wagering suggestions for these scores]

Final Jeopardy! Round responses

POETS
(Alex: Piece of cake if you knew that the work was called Old Possum's Book of Practical Cats.)
JamesWho is T.S. Eliot
$6,400
AngelaWho is T.S. Elliot
$10,000
JaredWho is T.S. Eliot
$10,001
T.S. Eliot

Final scores:

Jared Angela James
$28,801 $24,400 $12,800
3-day champion: $88,401 2nd place: $2,000 3rd place: $1,000

Game dynamics:

Coryat scores:

Jared Angela James
$15,800 $14,400 $11,400
25 R
(including 1 DD),
3 W
17 R,
0 W
13 R
(including 1 DD),
4 W
(including 1 DD)

Combined Coryat: $41,600

[game clues] [game scores] [suggest correction]

Game tape date: 2013-08-20
The J! Archive is created by fans, for fans. Scraping, republication, monetization, and malicious use prohibited; this site may use cookies and collect identifying information. See terms. The Jeopardy! game show and all elements thereof, including but not limited to copyright and trademark thereto, are the property of Jeopardy Productions, Inc. and are protected under law. This website is not affiliated with, sponsored by, or operated by Jeopardy Productions, Inc. Join the discussion at JBoard.tv.